| 000 | 01051cam a2200253 i 4500 | ||
|---|---|---|---|
| 003 | SA-RiAUC | ||
| 005 | 20241205123113.0 | ||
| 008 | 241203s2003 su g 000r0 ara c | ||
| 020 | _a9960437817 | ||
| 040 |
_aSA-RiKSU _bara _cSA-RiAUC _erda |
||
| 082 | 0 | 4 |
_a250.9 _qSA-RiAUC |
| 090 |
_a250.9 _b ح م ي |
||
| 100 | 1 |
_aالحميدان، حميدان بن عبد الله بن محمد، _d1363 هجري- _eمؤلف. |
|
| 245 | 1 | 0 |
_aدراسات في التاريخ المبكر للتشريع والفقه الإسلامي / _cتأليف حميدان بن عبد الله بن الحميدان. |
| 264 | 1 |
_aالرياض : _b[الناشر غير محدد]، _c[2003] |
|
| 300 |
_a592 صفحة ؛ _c24 سم |
||
| 336 |
_aنص _btxt _2rdacontent _3كتاب |
||
| 337 |
_aبدون وسيط _bn _2rdamedia |
||
| 338 |
_aمجلد _bnc _2rdacarrier |
||
| 650 | 7 |
_aالشريعة الإسلامية _xتاريخ _2aucsh |
|
| 650 | 7 |
_aالفقه الإسلامي _xتاريخ _2aucsh |
|
| 942 |
_2ddc _cBOOK _n0 |
||
| 949 |
_aSA-JeALM _d241203 _umohamedma123 _n1 |
||
| 999 |
_c3054 _d3054 |
||